000 00353nam a2200145 a 4500
008 970521s1971||||xx 0 und c
040 _aSNK
_bslo
_cSNK
_eAACR2
100 1 _aLassus, Jean
245 1 0 _aRanokresťanské a byzantské umenie
260 _aBratislava
_bPallas
_c1971
300 _a187 s.
020 _c95
041 _aslo
044 _axo
_cSK
999 _c14921
_d14921